Statistics for History of the 1920s

Click here to take the quiz!

General Stats

  • This quiz has been taken 799 times
    (791 since last reset)
  • The average score is 10 of 26

Answer Stats

YearIncidentAnswer% Correct
1920The consumption of this is banned in AmericaAlcohol
97%
1924This Soviet political leader diesLenin
75%
1921This scientist wins the Nobel PrizeAlbert Einstein
64%
1922The ancient tomb of this person is discoveredTutankhamun
61%
1920This international organisation holds its first meetingLeague of Nations
60%
1929These entertainment awards are held for the first timeAcademy Awards
57%
1922A civil war begins in this countryIreland
50%
1923This volcano erupts in ItalyMt Etna
50%
1929The worst trading day of the American stock market crash gains this nicknameBlack Tuesday
44%
1927This make of automobile begins manufacture in SwedenVolvo
42%
1925This quintessential 'Jazz Age' novel is publishedThe Great Gatsby
41%
1923This 24 hour car race is held for the first time in FranceLe Mans
35%
1928Mickey Mouse makes his first sound appearance in this cartoonSteamboat Willie
34%
1923Adolf Hitler's attempt to seize power in Munich is given this nicknameBeer Hall Putsch
32%
1927This becomes the first part-talking filmThe Jazz Singer
32%
1926A general strike takes place in this countryUnited Kingdom
31%
1925This new form of technology is demonstrated for the first timeTelevision
30%
1922This unification of like-minded republics is createdSoviet Union
29%
1925A decorative arts exhibition in Paris spurs this design movementArt Deco
27%
1924This artistic movement issues their first manifestoSurrealist
16%
1922This country gains independence from BritainEgypt
12%
1925This magazine is published for the first timeThe New Yorker
9%
1924This piece of music is performed for the first timeRhapsody in Blue
8%
1922This famously fatalistic modernist poem is publishedThe Waste Land
8%
1928Bertold Brecht's famous play of this name debuts in BerlinThe Threepenny Opera
6%
1926This becomes the first feature film with a sound accompanimentDon Juan
1%

Score Distribution

Percentile by Number Answered

Percent of People with Each Score

Your Score History

You have not taken this quiz since the last reset